| 000 | 00777cam a22001937i 4500 | ||
|---|---|---|---|
| 999 |
_c7721 _d7721 |
||
| 003 | OSt | ||
| 005 | 20200513132359.0 | ||
| 008 | 170921s2016 nyuab 000 0 eng d | ||
| 020 | _a9781945150180 | ||
| 082 | 0 | 4 |
_a712.50943362 _223 |
| 245 | 1 | 0 |
_aLandscape tunings : _ban urban park at the Danube. |
| 300 |
_a147 pages : _billustrations (chiefly color), maps (chiefly color) ; _c28 cm |
||
| 500 | _a"PCN: 2016946854"--Book flap. | ||
| 500 | _a"The Stadt Park Donau/Donau-Loop project was exhibited at the Museum of Concrete Art and Design in Ingolstadt during the summer of 2014."--Book flap. | ||
| 650 | 0 |
_aWaterfronts _zDanube River Valley. |
|
| 650 | 0 |
_aUrban parks _zDanube River Valley _xDesign. |
|
| 650 | 0 |
_aUrban landscape architecture _zDanube River Valley. |
|
| 942 | _2ddc | ||